000 00273nam a2200109Ia 4500
008 190914s9999||||xx |||||||||||||| ||und||
100 _aJohn Smiley
245 0 _aLearn To Program With Visual Basic. Net
260 _aNew Delhi
_bPrentice
_c2002
300 _a541
942 _cBK
999 _c8806
_d8806